Catálogo público

Evaluación de huertos colectivos de nogal (Carya illinoensis Koch) en la región sureste del estado de Chihuahua (Record no. 64516)

MARC details
000 -CABECERA
campo de control de longitud fija 01008nam a22002897a 4500
005 - FECHA Y HORA DE LA ÚLTIMA TRANSACCIÓN
campo de control 20220329141220.0
008 - DATOS DE LONGITUD FIJA--INFORMACIÓN GENERAL
campo de control de longitud fija 971010s1987 r 00010 d
010 ## - NÚMERO DE CONTROL DE LA BIBLIOTECA DEL CONGRESO
Número de control de LC 64516
011 ## - ENLACE DEL NUMERO DE CONTROL DE LA BIBLIOTECA DEL CONGRESO [OBSOLETO]
Número de control de LC 65488
035 ## - NÚMERO DE CONTROL DEL SISTEMA
Número de control de sistema 72335
090 ## - LOCALMENTE ASIGNADO TIPO-LC NÚMERO DE CLASIFICACIÓN (OCLC); NÚMERO DE CLASIFICACIÓN LOCAL (RLIN)
Número de clasificación (OCLC) (R) ; Numero de clasificación, CALL (RLIN) (NR) Tesis
100 00 - ENTRADA PRINCIPAL--NOMBRE DE PERSONA
Nombre de persona Meléndez García, Oscar.
9 (RLIN) 74405
245 ## - MENCIÓN DE TÍTULO
Título Evaluación de huertos colectivos de nogal (Carya illinoensis Koch) en la región sureste del estado de Chihuahua
260 ## - PUBLICACIÓN, DISTRIBUCIÓN, ETC.
Lugar de publicación, distribución, etc. Cd. Lerdo, Dgo. :
Nombre del editor, distribuidor, etc. El autor,
Fecha de publicación, distribución, etc. 1987
300 ## - DESCRIPCIÓN FÍSICA
Extensión 49 h.
500 ## - NOTA GENERAL
Nota general D97-98
502 ## - NOTA DE TESIS
Nota de tesis Tesis (Ing. Agr. Esp. en Zonas Aridas) -- UACH. Departamento de Zonas Aridas
590 ## - NOTA LOCAL (RLIN)
Nota local ALEPH
Procedencia (VM) [OBSOLETO] 10
Condición del los carretes individuales (VM) [OBSOLETO] 20130110
-- UCH01
-- 1352
590 ## - NOTA LOCAL (RLIN)
Nota local BATCH-UPD
Procedencia (VM) [OBSOLETO] 10
Condición del los carretes individuales (VM) [OBSOLETO] 20130110
-- UCH01
-- 0640
590 ## - NOTA LOCAL (RLIN)
Nota local BATCH-UPD
Procedencia (VM) [OBSOLETO] 10
Condición del los carretes individuales (VM) [OBSOLETO] 20130410
-- UCH01
-- 0325
590 ## - NOTA LOCAL (RLIN)
Nota local BATCH-UPD
Procedencia (VM) [OBSOLETO] 10
Condición del los carretes individuales (VM) [OBSOLETO] 20130914
-- UCH01
-- 0003
590 ## - NOTA LOCAL (RLIN)
Nota local CONVERSION
Procedencia (VM) [OBSOLETO] 10
Condición del los carretes individuales (VM) [OBSOLETO] 20130109
-- UCH01
-- 1335
650 14 - PUNTO DE ACCESO ADICIONAL DE MATERIA--TÉRMINO DE MATERIA
Término de materia o nombre geográfico como elemento de entrada Agricultura cooperativa.
9 (RLIN) 1945
650 14 - PUNTO DE ACCESO ADICIONAL DE MATERIA--TÉRMINO DE MATERIA
Término de materia o nombre geográfico como elemento de entrada Nogal
Subdivisión general Chihuahua.
9 (RLIN) 81547
901 ## - ELEMENTOS DE DATOS A LOCAL LDA (RLIN)
a BK
949 ## - PROCESAMIENTO DE INFORMACIÓN LOCAL (OCLC)
b ZA
c TES
d -5037
e TS1
i 72335
s i

No items available.